书目信息 |
| 题名: |
深入浅出Istio
|
|
| 作者: | 崔秀龙 著 | |
| 分册: | ||
| 出版信息: | 北京 电子工业出版社 2019 |
|
| 页数: | 13,201页 | |
| 开本: | 24cm | |
| 丛书名: | 博文视点云原生精品丛书 | |
| 单 册: | ||
| 中图分类: | TP368.5 | |
| 科图分类: | ||
| 主题词: | 互联网络--网络服务器 | |
| 电子资源: | ||
| ISBN: | 978-7-121-35964-4 | |
| 000 | 00769oam2 2200241 450 | |
| 001 | 2337383251 | |
| 005 | 20231129102334.25 | |
| 010 | @a978-7-121-35964-4@dCNY79.00 | |
| 100 | @a20190508d2019 em y0chiy50 ea | |
| 101 | 0 | @achi |
| 102 | @aCN@b110000 | |
| 105 | @aa z 000yy | |
| 200 | 1 | @a深入浅出Istio@Ashen ru qian chu Istio@eService Mesh快速入门与实践@f崔秀龙著 |
| 210 | @a北京@c电子工业出版社@d2019 | |
| 215 | @a13,201页@c图@d24cm | |
| 225 | 2 | @a博文视点云原生精品丛书 |
| 461 | 0 | @12001 @a博文视点云原生精品丛书 |
| 517 | 1 | @aService Mesh快速入门与实践@AService Mesh kuai su ru men yu shi jian |
| 606 | 0 | @a互联网络@x网络服务器 |
| 690 | @aTP368.5@v5 | |
| 701 | 0 | @a崔秀龙@Acui xiu long@4著 |
| 801 | 0 | @aCN@b山东中教@c20231126 |
| 905 | @aBZT@dTP368.5@e12 | |
| 深入浅出Istio:Service Mesh快速入门与实践/崔秀龙著.-北京:电子工业出版社,2019 |
| 13,201页:图;24cm.-(博文视点云原生精品丛书) |
| ISBN 978-7-121-35964-4:CNY79.00 |
| ● |
| 相关链接 |
|
|
|
正题名:深入浅出Istio
索取号:TP368.5/12
 
预约/预借
| 序号 | 登录号 | 条形码 | 馆藏地/架位号 | 状态 | 备注 |
| 1 | 2001185525 | 2001185525 | 东辅楼二楼书库/ [索取号:TP368.5/12] | 在馆 | |
| 2 | 2001185526 | 2001185526 | 东辅楼二楼书库/ [索取号:TP368.5/12] | 在馆 | |
| 3 | 2001185527 | 2001185527 | 东辅楼二楼书库/ [索取号:TP368.5/12] | 在馆 | |
| 4 | 2001185528 | 2001185528 | 东辅楼二楼书库/ [索取号:TP368.5/12] | 在馆 | |
| 5 | 2001185529 | 2001185529 | 东辅楼二楼书库/ [索取号:TP368.5/12] | 在馆 | |
| 6 | 2001185530 | 2001185530 | 东辅楼二楼书库/ [索取号:TP368.5/12] | 在馆 | |
| 7 | 2001185531 | 2001185531 | 东辅楼二楼书库/ [索取号:TP368.5/12] | 在馆 | |
| 8 | 2001185532 | 2001185532 | 东辅楼二楼书库/ [索取号:TP368.5/12] | 在馆 | |
| 9 | 2001185533 | 2001185533 | 东辅楼二楼书库/ [索取号:TP368.5/12] | 在馆 | |
| 10 | 2001185534 | 2001185534 | 东辅楼二楼书库/ [索取号:TP368.5/12] | 在馆 | |
| 11 | 2001185535 | 2001185535 | 东辅楼二楼书库/ [索取号:TP368.5/12] | 在馆 | |
| 12 | 2001185536 | 2001185536 | 东辅楼二楼书库/ [索取号:TP368.5/12] | 在馆 | |
| 13 | 2001185537 | 2001185537 | 东辅楼二楼书库/ [索取号:TP368.5/12] | 在馆 | |
| 14 | 2001185538 | 2001185538 | 东辅楼二楼书库/ [索取号:TP368.5/12] | 在馆 | |
| 15 | 2001185539 | 2001185539 | 东辅楼二楼书库/ [索取号:TP368.5/12] | 在馆 | |
| 16 | 2001185540 | 2001185540 | 东辅楼二楼书库/ [索取号:TP368.5/12] | 在馆 | |
| 17 | 2001185541 | 2001185541 | 东辅楼二楼书库/ [索取号:TP368.5/12] | 在馆 | |
| 18 | 2001185542 | 2001185542 | 东辅楼二楼书库/ [索取号:TP368.5/12] | 在馆 | |
| 19 | 2001185543 | 2001185543 | 东辅楼二楼书库/ [索取号:TP368.5/12] | 在馆 | |
| 20 | 2001185544 | 2001185544 | 东辅楼二楼书库/ [索取号:TP368.5/12] | 在馆 | |
| 21 | 2001185545 | 2001185545 | 东辅楼二楼书库/ [索取号:TP368.5/12] | 在馆 | |
| 22 | 2001185546 | 2001185546 | 东辅楼二楼书库/ [索取号:TP368.5/12] | 在馆 | |
| 23 | 2001185547 | 2001185547 | 东辅楼二楼书库/ [索取号:TP368.5/12] | 在馆 | |
| 24 | 2001185548 | 2001185548 | 东辅楼二楼书库/ [索取号:TP368.5/12] | 在馆 | |
| 25 | 2001185549 | 2001185549 | 东辅楼二楼书库/ [索取号:TP368.5/12] | 在馆 | |
| 26 | 2001185550 | 2001185550 | 东辅楼二楼书库/ [索取号:TP368.5/12] | 在馆 |